000 00551cam a22002171 4500
001 751604
005 20180214034001.0
008 771130s1964 nyua b 000 0 eng
010 _a 64019555
040 _aDLC
_cDLC
_dDLC
041 _aeng
080 _a792.
082 0 0 _a792.3 DOU
100 1 _a44
101 _aART
245 1 0 _aPantomime; the silent theater
_c[by] Douglas and Kari Hunt.
504 _aBibliography: p. 111-114.
740 0 _aSilent theater.
906 _a7
_bcbc
_corignew
_du
_eocip
_f19
_gy-gencatlg
942 _2ddc
_cBK
999 _c42456
_d42456